000
00323nam a2200133Ia 4500
008
151001s9999||||xx |||||||||||||| ||und||
100
_a
शर्मा बाम
245
_a
माटी कि महक
250
_a
1
260
_b
साक्षी
260
_c
2006
300
_a
144
365
_b
21
999
_c
986239
_d
986236